00989nam a2200241Ia 4500003000400000005001700004008004100021020001800062040001800080041000800098082002600106245010000132250001200232260005200244300002600296650005500322650005800377650004200435700004200477942003500519999001900554952017400573OSt20241218134359.0210716s2010 xx 000 0 und d a9788184246223 cAIMIT LIBRARY aeng a001.0720051 21bCONF aEmerging trends in computing NCETC 2010 : bconference proceedings for national conference /c= a1st ed. aNew Delhi :bAllied Publishers Pvt Ltd ,c2010. axx;203p. ;bPBc25 cm aWeb usage mining- languages and algorithms9191525 aDigital jewellery for wireless communications9191526 aReliable fingerprint matching9191527 aShakunthala, Rangarajan., ed.9191528 2ddccBKe1stk001.0720051 CONF c192643d192643 00102ddc40708MCAaAIMITbAIMITeKnowledge Worldg950.00iBill no:1349; Bill dt:2012-09-19l0o001.0720051 CONFpMCA12151r2025-07-21 00:00:00v712.50w2021-07-16yBK